Normal view
MARC view
- MCS
Entry Topical Term
001 - CONTROL NUMBER
- control field: 37002
003 - CONTROL NUMBER IDENTIFIER
- control field: NUST
005 - DATE AND TIME OF LATEST TRANSACTION
- control field: 20210314130141.0
008 - FIXED-LENGTH DATA ELEMENTS
- fixed length control field: 210314|| aca||aabn | a|a d
040 ## - CATALOGING SOURCE
- Original cataloging agency: NUST
- Transcribing agency: NUST
150 ## - HEADING--TOPICAL TERM
- Topical term or geographic name entry element: MCS
670 ## - SOURCE DATA FOUND
- Source citation: Work cat.: (NUST): Edman, Irwin, 37001, Philosopher's holiday, 1956.
